| 000 | 00513nam a2200181Ia 4500 | ||
|---|---|---|---|
| 001 | 42883 | ||
| 008 | 140425s9999 xx 000 0 und d | ||
| 020 | _aNA | ||
| 040 | _cPK-LaUMT | ||
| 082 |
_aRHC 891.4394 _bALI-N |
||
| 100 | _aAli Muhammad Khan | ||
| 245 |
_aNaqsh haai rang rang (Urdu) _bilmi wa adabi mazaameen kaa majmooah _cAli Muhammad Khan |
||
| 260 |
_aLahore,Pakistan: _bAl-Faisal Publisher and Traders, _c2008 |
||
| 300 | _a208 p. | ||
| 546 | _aUR | ||
| 650 | _aPakistani essays-Urdu | ||
| 942 | _cBK | ||
| 999 |
_c40895 _d40895 |
||